000 00496nam a22001457a 4500
003 MACL
005 20190530161654.0
008 190530b xxu||||| |||| 00| 0 eng d
040 _cMACL
100 _aगोयनका,डॉ. कमल किशोर
_974210
245 _aप्रेमचंद की अप्राप्‍य कहानियां
260 _aदिल्‍ली
_bअनिल प्रकाशन
_c2018
650 _aकहानी
_975093
942 _2ddc
_cHIN
999 _c59942
_d59942